000 00573nam a2200169Ia 4500
008 220216s9999 xx 000 0 und d
100 _aMainstone B J
245 0 _aCopper sulphate as a yield stimulant for Hevea brasiliensis. I. Experimental stimulation of 1931 budded rubber with2, 4-D or 2, 4, 5-T in sulphate injection
260 _bJournal of the Rubber Research Institute of Malaya
_c1964
300 _a253-260
650 _aBudded rubber
650 _aHevea brasiliensis
650 _aSulphate injection
650 _aYield
700 _aTan K S
942 _cJS
999 _c56377
_d56377